[Event "Chojnice op-A 2nd"]
[Site "Chojnice"]
[Date "2006.??.??"]
[Round "1"]
[White "Rudzinski, Wladyslaw"]
[Black "Halas, Przemyslaw"]
[Result "0-1"]
[WhiteElo "2000"]
[BlackElo "2077"]
[PlyCount "104"]
[EventDate "2006.07.??"]
[EventType "swiss"]
[EventRounds "9"]
[EventCountry "POL"]
[SourceTitle "EXT 2007"]
[Source "ChessBase"]
[SourceDate "2006.11.23"]
[SourceVersion "1"]
[SourceVersionDate "2006.11.23"]
[SourceQuality "1"]

1. d4 Nf6 2. c4 e6 3. Nf3 b6 4. g3 Ba6 5. Qc2 c5 6. Bg2 Nc6 7. dxc5 Bxc5 8. 0-0 0-0 9. a3 Bb7 10. e3 a5 11. Bd2 Qe7 12. Bc3 Rac8 13. Nbd2 d5 14. Ng5 g6 15. cxd5 Nxd5 16. Nge4 Nxc3 17. Qxc3 f5 18. Nxc5 Qxc5 19. Qxc5 bxc5 20. Rfc1 Nd8 21. Nb3 Bxg2 22. Kxg2 Nb7 23. Rc4 Rc7 24. Rac1 Rfc8 25. Nd4 Kf7 26. Nb5 Rd7 27. b4 axb4 28. axb4 Nd6 29. Nxd6+ Rxd6 30. Rxc5 Rxc5 31. Rxc5 Kf6 32. Kf3 Rd2 33. h4 Rb2 34. Rc4 h6 35. g4 fxg4+ 36. Rxg4 Rb1 37. Rc4 Rb2 38. Kg3 Kf5 39. f3 Kf6 40. Kf4 Rh2 41. Kg3 Rb2 42. Rd4 Rb3 43. Kf2 Rb2+ 44. Ke1 h5 45. Kd1 g5 46. Re4 gxh4 47. Rxh4 Kg5 48. Re4 h4 49. Rxe6 h3 50. f4+ Kf5 51. Rh6 h2 52. Kc1 Rg2 0-1

[Event "Chojnice op"]
[Site "Chojnice"]
[Date "2005.??.??"]
[Round "7"]
[White "Staroszczyk, Mateusz"]
[Black "Rudzinski, Wladyslaw"]
[Result "1-0"]
[WhiteElo "1977"]
[BlackElo "1800"]
[PlyCount "49"]
[EventDate "2005.05.27"]
[EventType "swiss"]
[EventRounds "9"]
[EventCountry "POL"]
[SourceTitle "EXT 2007"]
[Source "ChessBase"]
[SourceDate "2006.11.23"]
[SourceVersion "1"]
[SourceVersionDate "2006.11.23"]
[SourceQuality "1"]

1. e4 c5 2. Nc3 Nc6 3. g3 g6 4. Bg2 Bg7 5. d3 d6 6. Be3 Nf6 7. h3 Bd7 8. Qd2 b5 9. Bh6 0-0 10. Bxg7 Kxg7 11. f4 b4 12. Nd1 e6 13. Ne3 Qe7 14. Ne2 Rab8 15. g4 a5 16. 0-0 Ne8 17. f5 Qg5 18. Nf4 Kg8 19. Rf2 Ng7 20. fxg6 fxg6 21. Raf1 Rf6 22. Nc4 Ne8 23. Nh5 Qxd2 24. Nxf6+ Nxf6 25. Nxd2 1-0